Statistics for Top goal scorers of football (soccer) clubs

Click here to take the quiz!

General Stats

  • This quiz has been taken 6,898 times
  • The average score is 7 of 43

Answer Stats

HintAnswer% Correct
FC BarcelonaLionel Messi
98%
Real MadridRaul Gonzalez
61%
ArsenalThierry Henry
50%
Bayern MunchenGerd Müller
48%
NapoliDiego Maradona
42%
JuventusAlessandro Del Piero
41%
Newcastle UnitedAlan Shearer
39%
SantosPele
39%
AS RomaFrancesco Totti
38%
LiverpoolIan Rush
30%
Manchester UnitedBobby Charlton
28%
SL BenficaEusebio
27%
UdineseAntonio di Natale
19%
FiorentinaGabriel Batistuta
17%
ValenciaEdmundo Suarez
14%
Los Angeles GalaxyLandon Donovan
11%
InternazionaleGiuseppe Meazza
7%
Tottenham HotspursJimmy Greaves
7%
Glasgow RangersAlly McCoist
5%
PortoFernando Gomes
5%
Boca juniorsMartin Palermo
5%
FlamengoZico
5%
ChelseaBobby Tambling
3%
AC MilanGunnar Nordahl
3%
Schalke 04Klaus Fischer
2%
Dynamo KievOleg Blokhin
2%
LazioSilvio Piola
2%
Athletic BilbaoTelmo Zarra
2%
LeverkusenUlf Kirsten
2%
River plateAngel Labruna
1%
Nacional MontevideoAtilio Garcia
1%
MonacoDelio Onnis
1%
Manchester CityEric Brook
1%
Olympique LyonnaisFleury Di Nallo
1%
CelticJimmy McGrory
1%
GalatasarayMetin Oktay
1%
Vasco da GamaRoberto Dinamite
1%
PSGThadee Cisowski
1%
Borussia DortmundAlfred Preissler
0%
SevillaCampanal I
0%
PenarolFernando Morena
0%
Ajax AmsterdamPiet van Reenen
0%
FenerbacheZeki Sporel
0%

Score Distribution

Percentile by Number Answered

Percent of People with Each Score

Your Score History

You have not taken this quiz